00435nam a2200121Ia 4500001000400000008004100004082002300045100001100068245017400079260001700253901002800270999001500298962241024s9999 xx 000 0 und d aRD/370.97293/ID19e aIDEICE 0aEstudio sobre conocimiento, percepción, expectativas aspiraciones y actitud de compromiso de los actores educativos respecto a la Misión 1000x1000, Resumen Ejecutivo bIDEICEc2010 a13/12/2010 2:56:48 p.m. c9151d9151